[Event "39th Open"]
[Site "Mar del Plata ARG"]
[Date "2008.03.18"]
[Round "5"]
[White "Paveto,K"]
[Black "Daneri,M"]
[Result "0-1"]
[WhiteElo "1956"]
[BlackElo "2210"]

1.e4 e6 2.d4 d5 3.Nd2 Nc6 4.Ngf3 Nf6 5.e5 Nd7 6.c3 f6 7.exf6 Qxf6 8.Bb5 Bd6
9.Nf1 O-O 10.Ng3 e5 11.Bg5 Qf7 12.Be3 e4 13.Ng5 Qg6 14.Qb3 Nb6 15.Bxc6 bxc6
16.N5xe4 Bxg3 17.Nxg3 Ba6 18.O-O-O Bd3 19.h4 h6 20.h5 Qh7 21.Rde1 Nc4 22.Qd1 a5
23.b3 Rab8 24.f3 a4 25.b4 a3 26.Bf2 Nb2 27.Qd2 Bb1 28.Re6 Bxa2 29.Rg6 Bc4
30.Rxc6 Nd3+ 31.Kd1 Nxf2+ 32.Qxf2 Qb1+ 33.Kd2 a2 34.Rxc4 dxc4 35.Qf1 Qb2+
36.Ke3 Qxc3+ 37.Ke4 Rbe8+ 38.Kd5 Rd8+ 39.Kc6 Rd6+ 40.Kxc7 Qxb4  0-1

[Event "XXXV Open"]
[Site "La Roda ESP"]
[Date "2008.03.19"]
[Round "1"]
[White "Garcia Lopez,J"]
[Black "Herraiz Hidalgo,H"]
[Result "0-1"]
[WhiteElo "1971"]
[BlackElo "2485"]

1.e4 e6 2.d4 d5 3.Nd2 Be7 4.Bd3 c5 5.Ngf3 Nf6 6.e5 Nfd7 7.c3 Nc6 8.O-O a5
9.Re1 a4 10.Nf1 cxd4 11.cxd4 Nb6 12.Bd2 Nc4 13.Bc3 a3 14.Qe2 axb2 15.Bxb2 b5
16.Bc1 Bd7 17.Bd2 Nb4 18.Bxb4 Bxb4 19.Rec1 Ra3 20.Ne3 Be7 21.Nc2 Ra4 22.Ne3 h6
23.Bc2 Ra3 24.Bb3 h5 25.Nc2 Ra7 26.Nce1 g5 27.Nd3 g4 28.Nfe1 Qb6 29.Nc2 Rg8
30.Rab1 h4 31.g3 Rc7 32.Nf4 Kf8 33.Ng2 hxg3 34.hxg3 b4 35.Nge3 Nxe3 36.fxe3 Bb5
37.Qh2 Bd3 38.Rd1 Be4 39.Rf1 Bg5 40.Rbe1 f5 41.Qd2 Rh8 42.Re2 Rh3 43.Kf2 Bf3
44.Ke1 Bxe2 45.Kxe2 Rh2+ 46.Rf2 Qb5+ 47.Kd1 Rxf2 48.Qxf2 Qd3+ 49.Qd2 Qf1+
50.Qe1 Qf3+ 51.Kd2 Rc3 52.Ba4 Kg7 53.Bb3 Qg2+ 54.Kd1 Qe4  0-1

[Event "ch-Siberia"]
[Site "Novokuznetsk RUS"]
[Date "2008.03.19"]
[Round "7"]
[White "Simonov,S"]
[Black "Obolenskikh,D"]
[Result "1-0"]
[WhiteElo "2317"]
[BlackElo "2455"]

1.e4 e6 2.d4 d5 3.Nd2 Be7 4.Bd3 c5 5.dxc5 Nf6 6.Qe2 Nc6 7.Ngf3 O-O 8.O-O Bxc5
9.e5 Nd7 10.Nb3 Be7 11.c3 b6 12.Nbd4 Nxd4 13.cxd4 Nb8 14.h4 Bxh4 15.g3 Be7
16.Kg2 f5 17.exf6 Bxf6 18.Rh1 g6 19.Bh6 Rf7 20.Rac1 Bd7 21.Ne5 Re7 22.Qg4 Be8
23.Nxg6 hxg6 24.Bxg6 Bd7 25.Bh7+ Kh8 26.Bd3  1-0

[Event "Doeberl Cup"]
[Site "Canberra AUS"]
[Date "2008.03.21"]
[Round "4"]
[White "Steadman,M"]
[Black "Davis,T2"]
[Result "1/2-1/2"]
[WhiteElo "2238"]
[BlackElo "1975"]

1.e4 e6 2.d4 d5 3.Nd2 Be7 4.c3 c5 5.Ngf3 cxd4 6.cxd4 dxe4 7.Nxe4 Nf6 8.Nc3 Nc6
9.Bc4 O-O 10.O-O a6 11.a4 Qb6 12.Rb1 Rd8 13.Be3 Qb4 14.Qe2 Nd5 15.Ra1 Na5
16.Ba2 Nb3 17.Rab1 Bd7 18.Qd3 Bc6 19.Ne5 Na5 20.Bd2 Qb6 21.Nxc6 Nxc6 22.Nxd5 exd5
23.Bc3 Nb4 24.Bxb4 Bxb4 25.Rbc1 Qd6 26.Qf3 Rd7 27.Rc2 g6 28.h4 h5 29.Re2 Kg7
30.Re5 Rad8 31.Rxd5 Qc6 32.Rxd7  1/2-1/2

[Event "39th Open"]
[Site "Mar del Plata ARG"]
[Date "2008.03.21"]
[Round "8"]
[White "Needleman,G"]
[Black "Cubas,Jo"]
[Result "1-0"]
[WhiteElo "2406"]
[BlackElo "2451"]

1.e4 e6 2.d4 d5 3.Nd2 Be7 4.Ngf3 Nf6 5.e5 Nfd7 6.c3 c5 7.Bd3 Nc6 8.O-O g5
9.b3 cxd4 10.cxd4 Qb6 11.Bb2 h5 12.Kh1 g4 13.Ne1 Nxd4 14.f4 Bc5 15.Rc1 Nc6
16.Nb1 Bd4 17.Nc3 Nc5 18.Ba3 Bxc3 19.Rxc3 Qa5 20.Qc1 Nxd3 21.Nxd3 Bd7 22.Bd6 h4
23.f5 h3 24.fxe6 hxg2+ 25.Kxg2 fxe6 26.Qg5 Qxc3 27.Qg6+ Kd8 28.Qf6+  1-0

[Event "ch-Siberia"]
[Site "Novokuznetsk RUS"]
[Date "2008.03.21"]
[Round "9"]
[White "Yudin,S"]
[Black "Kiriakov,P"]
[Result "1/2-1/2"]
[WhiteElo "2519"]
[BlackElo "2545"]

1.e4 e6 2.d4 d5 3.Nd2 a6 4.Bd3 c5 5.dxc5 Bxc5 6.Ngf3 Nc6 7.a3 Nge7 8.O-O O-O
9.b4 Ba7 10.Bb2 Ng6 11.g3 d4 12.Re1 e5 13.h4 b5 14.Nf1 Nge7 15.Bc1 Bb8 16.Bd2 Ra7
17.N1h2 f6 18.a4 Rb7 19.axb5 axb5 20.Qe2 Qb6 21.h5 Bd6 22.Rab1 Be6 23.Nh4 Rf7
24.Kh1 f5 25.N2f3 h6 26.g4 fxg4 27.Nh2 Qd8 28.Rg1 Kh7 29.Nxg4 Ng8 30.Ng6 Nf6
31.Nxf6+ Rxf6 32.f4 Ba2 33.Rb2 Bc4 34.Bxc4 bxc4 35.Qxc4 Qd7 36.f5 Nd8 37.Bxh6 gxh6
38.Ne7 Qe8  1/2-1/2

[Event "Magistral Mario Dario Lopez"]
[Site "Santa Cruz BOL"]
[Date "2008.03.21"]
[Round "2"]
[White "Lopez,Mari2"]
[Black "Pacheco,Dan"]
[Result "0-1"]
[WhiteElo "2279"]
[BlackElo "2318"]

1.e4 e6 2.d4 d5 3.Nd2 Nc6 4.Ngf3 Nf6 5.e5 Nd7 6.c3 f6 7.exf6 Qxf6 8.Bd3 e5
9.dxe5 Ndxe5 10.Nxe5 Nxe5 11.Be2 Bc5 12.Nf3 c6 13.O-O O-O 14.Nd4 Qh4 15.Be3 Ng4
16.Bxg4 Bxg4 17.Qd2 Rae8 18.Rae1 Bd6 19.f4 Qh6 20.h3 Bd7 21.Rf3 Re4 22.Ref1 Rfe8
23.b4 b6 24.a3 Qf6 25.g4 Qe7 26.Nc2 h5 27.gxh5 Qf7 28.Qg2 Qxh5 29.Rg3 R8e7
30.Kh1 Bf5 31.Rg1 Qh7 32.Qf2 c5 33.bxc5 bxc5 34.Bxc5 Re2 35.Rxg7+ Rxg7 36.Rxg7+ Qxg7
37.Qxe2 Be4+  0-1

[Event "1st Int di Pasqua"]
[Site "Bologna ITA"]
[Date "2008.03.22"]
[Round "4"]
[White "Vancini,E"]
[Black "Gilevich,A"]
[Result "1/2-1/2"]
[WhiteElo "2277"]
[BlackElo "2069"]

1.e4 e6 2.d4 d5 3.Nd2 Be7 4.Bd3 Nc6 5.c3 dxe4 6.Nxe4 e5 7.Ne2 exd4 8.cxd4 Nf6
9.O-O O-O 10.Be3 Nb4 11.Nxf6+ Bxf6 12.Be4 c6 13.Nc3 Be6 14.Rc1 Qe7 15.Bb1 Nd5
16.Ne4 Bf5 17.Nxf6+  1/2-1/2

[Event "ch-WLS"]
[Site "Cardiff WLS"]
[Date "2008.03.22"]
[Round "3"]
[White "Jameson,D"]
[Black "Blackburn,J"]
[Result "1/2-1/2"]
[WhiteElo "2033"]
[BlackElo "2220"]

1.e4 e6 2.d4 d5 3.Nd2 Be7 4.c3 c5 5.dxc5 Bxc5 6.Nb3 Bb6 7.exd5 Nf6 8.Bb5+ Bd7
9.Bxd7+ Qxd7 10.dxe6 Bxf2+ 11.Ke2 Qxd1+ 12.Kxd1 fxe6 13.Nf3 Nc6 14.Ke2 Bb6
15.Be3 Bxe3 16.Kxe3 O-O 17.Rhd1 Nd5+ 18.Kf2 Ne5 19.Nc5 Ng4+ 20.Kg1 Nge3 21.Rd3 Nxg2
22.Rxd5 Ne3 23.Rd3 Rxf3 24.Re1 Rf5 25.Nxe6 Nd5 26.Red1  1/2-1/2

[Event "12th Neckar Open A"]
[Site "Deizisau GER"]
[Date "2008.03.22"]
[Round "4"]
[White "Dgebuadze,A"]
[Black "Meinhardt,Ma"]
[Result "1-0"]
[WhiteElo "2512"]
[BlackElo "2379"]

1.e4 e6 2.d4 d5 3.Nd2 Nc6 4.Ngf3 Nf6 5.e5 Nd7 6.Bb5 a6 7.Bd3 f6 8.exf6 Qxf6
9.Nf1 e5 10.Ne3 Nb6 11.dxe5 Nxe5 12.Nxe5 Qxe5 13.O-O Bd6 14.f4 Qf6 15.Ng4 Bxg4
16.Qxg4 O-O 17.Qh3 h6 18.Bd2 Rae8 19.Bc3 d4 20.Bd2 Na4 21.b3 Nc5 22.Qh5 c6
23.g3 Nxd3 24.cxd3 Qf5 25.Qxf5 Rxf5 26.Rfe1 Kf7 27.Kg2 Rxe1 28.Rxe1 Ba3 29.Kf3 Rc5
30.Re2 Rc2 31.Ba5 Rxe2 32.Kxe2 Ke6 33.Kf3 Kd5 34.Kg4 g6 35.f5 gxf5+ 36.Kxf5 Bc1
37.Bb6 c5 38.g4 Kc6 39.Bd8 b5 40.Ke4 Kd7 41.Bf6 Ke6 42.Bg7 Kf7 43.Be5 Ke6
44.Bg3 Bg5 45.h4 Be7 46.Be1 Bd8 47.Bd2 h5 48.gxh5 Bxh4 49.Bf4 Bf6 50.h6 Bh8
51.h7 a5 52.a4 c4 53.dxc4 bxc4 54.bxc4 Kd7 55.Bd2 Kc6 56.Bxa5 Kc5 57.Kd3  1-0

[Event "SCT Ladies Open"]
[Site "Stockholm SWE"]
[Date "2008.03.22"]
[Round "4"]
[White "Vajda,S"]
[Black "Rudolf,An"]
[Result "1-0"]
[WhiteElo "2418"]
[BlackElo "2242"]

1.e4 e6 2.d4 d5 3.Nd2 Be7 4.c3 c5 5.exd5 exd5 6.Bb5+ Nc6 7.dxc5 Bxc5 8.Qe2+ Ne7
9.Nb3 Bb6 10.Nf3 O-O 11.O-O Bg4 12.Re1 Qd6 13.h3 Bh5 14.Be3 Bxe3 15.Qxe3 Nf5
16.Qg5 Bxf3 17.Qxf5 Be4 18.Qg5 h6 19.Qe3 Qg6 20.f3 Bf5 21.Kf2 a6 22.Bf1 Rad8
23.Nd4 Qf6 24.Rad1 Bd7 25.Nxc6 Bxc6 26.Qd4 Qd6 27.Bd3 b5 28.Bc2 Bb7 29.Re3 Bc8
30.Re5 Be6 31.Bb3 f6 32.Rxe6 Qxe6 33.Bxd5 Rxd5 34.Qxd5 Re8 35.Qxe6+ Rxe6
36.Rd4 Kf7 37.a4 bxa4 38.Rxa4 Rb6 39.b4 Rc6 40.Ra3 Ke6 41.Ke3 Kd6 42.Kd4 Kc7
43.c4 Rd6+ 44.Kc3 Kb7 45.Ra2 Re6 46.Kd4 Kb6 47.f4 g5 48.fxg5 fxg5 49.g4 Re1
50.Rf2 Rd1+ 51.Kc3 Rc1+ 52.Kb3 Rb1+ 53.Ka3  1-0

[Event "ch-WLS"]
[Site "Cardiff WLS"]
[Date "2008.03.23"]
[Round "5"]
[White "White,Mi"]
[Black "Bennett,P"]
[Result "1-0"]
[WhiteElo "2304"]
[BlackElo "2131"]

1.e4 e6 2.d4 d5 3.Nd2 Be7 4.Ngf3 c5 5.Bd3 Nc6 6.dxc5 Nf6 7.exd5 exd5 8.Nb3 Bxc5
9.Nxc5 Qa5+ 10.c3 Qxc5 11.O-O O-O 12.Qc2 Re8 13.Bg5 Ne4 14.Rae1 Bg4 15.Be3 Qd6
16.Nd4 Ne5 17.Bf4 Nf6 18.Bg3 h6 19.h3 Bh5 20.Re3 Nfd7 21.Rfe1 f6 22.Bb5 Rad8
23.Qf5 g6 24.Qc2 Qf8 25.Bxd7 Nxd7 26.Ne6 Rxe6 27.Rxe6 Nc5 28.Re7 Ne4 29.Rxb7 Nxg3
30.fxg3 Qc5+ 31.Kh2 f5  1-0

[Event "TCh-FRA Top 16 Gp B"]
[Site "Cannes FRA"]
[Date "2008.03.24"]
[Round "3"]
[White "Leclair,M"]
[Black "Leconte,M"]
[Result "0-1"]
[WhiteElo "1974"]
[BlackElo "2345"]

1.e4 e6 2.d4 d5 3.Nd2 Nc6 4.Ngf3 Nf6 5.e5 Nd7 6.c3 f6 7.Bd3 fxe5 8.Nxe5 Ndxe5
9.dxe5 Nxe5 10.Qh5+ Nf7 11.O-O g6 12.Qe2 Bg7 13.Nf3 O-O 14.Be3 e5 15.Bc2 e4
16.Nd2 Ne5 17.Bb3 Kh8 18.Rad1 Bg4 19.f3 exf3 20.Nxf3 c6 21.Bd4 Bxf3 22.gxf3 Qg5+
23.Qg2 Qf4 24.Rde1 Nxf3+ 25.Rxf3 Bxd4+ 26.Kh1 Qxf3 27.Qxf3 Rxf3 28.cxd4 Rf4
29.Re7 Rxd4 30.Rxb7 Rd2 31.Re7 Rxb2 32.Kg1 a5 33.Ba4 Rxa2 34.Bxc6 Rd8 35.h4 d4
36.Kf1 d3 37.Re1 Rf8+ 38.Kg1 d2 39.Rd1 Rc2 40.Ba4 Rc1 41.Kg2 Rxd1 42.Bxd1 Re8  0-1

[Event "FKB ch-USA Qualifier"]
[Site "Tulsa USA"]
[Date "2008.03.28"]
[Round "2"]
[White "Bayaraa,Z"]
[Black "Bhat,V"]
[Result "0-1"]
[WhiteElo "2162"]
[BlackElo "2481"]

1.e4 e6 2.d4 d5 3.Nd2 Nc6 4.exd5 exd5 5.Ngf3 Bg4 6.Be2 Qd7 7.c3 Bd6 8.O-O Nge7
9.Re1 f6 10.b4 a6 11.a4 O-O 12.Nb3 Rae8 13.Nc5 Qc8 14.h3 Bh5 15.Nd3 g5 16.h4 h6
17.hxg5 hxg5 18.b5 axb5 19.axb5 Nd8 20.Ba3 Nf7 21.Bxd6 Nxd6 22.Qb3 Qf5 23.Nc5 Bf7
24.Bd3 Qc8 25.b6 c6 26.Nd2 Ng6 27.g3 Qg4 28.Nf1 Kg7 29.Ne3 Rxe3 30.Rxe3 Rh8
31.Bf1 Nf5 32.Rae1 Nxe3 33.Rxe3 Nf4 34.Nd3 Qh5  0-1

[Event "Spring Open"]
[Site "Belgrade SCG"]
[Date "2008.03.29"]
[Round "5"]
[White "Brujic,B"]
[Black "Skare,G"]
[Result "1/2-1/2"]
[WhiteElo "2242"]
[BlackElo "2315"]

1.e4 e6 2.d4 d5 3.Nd2 a6 4.exd5 exd5 5.Bd3 Nc6 6.c3 Bd6 7.Ne2 Bg4 8.Nf1 Nge7
9.Qc2 Qd7 10.Ne3 Be6 11.Bd2 g6 12.O-O O-O 13.a3 Rfe8 14.b3 b5 15.a4 Rab8
16.b4 Kg7 17.Rfe1 f5 18.Nf1 Ng8 19.Nf4 Nf6 20.f3 Bf7 21.Be2 Nd8 22.axb5 axb5
23.Nd3 Ne6 24.Ne5 Qc8 25.Ra5 c6 26.Rea1 Re7 27.Ra6 Be8 28.Qc1 Qc7 29.f4 Ne4
30.Be1 h6 31.g4 g5 32.fxg5 hxg5 33.gxf5 Nf4 34.Bf3 Bxe5 35.dxe5 Qxe5 36.Ng3 Nh3+
37.Kg2 Nf4+ 38.Kg1 Nh3+ 39.Kg2 Nf4+  1/2-1/2

[Event "KNSB TCh-NED 2007-8"]
[Site "Netherlands NED"]
[Date "2008.03.29"]
[Round "8"]
[White "Burg,T"]
[Black "Van Wissen,M"]
[Result "1-0"]
[WhiteElo "2262"]
[BlackElo "2286"]

1.e4 e6 2.d4 d5 3.Nd2 Be7 4.Ngf3 Nf6 5.e5 Nfd7 6.c4 c5 7.cxd5 exd5 8.Qb3 Nc6
9.Qxd5 cxd4 10.Bb5 Nb4 11.Qe4 Qb6 12.Bxd7+ Bxd7 13.a3 Qa6 14.axb4 Qxa1 15.O-O Rc8
16.Nb3 Qa4 17.Nbxd4 Qxb4 18.Bd2 Qb6 19.h4 O-O 20.h5 Bc6 21.Qg4 Bxf3 22.Nxf3 Qe6
23.Qe4 Qc6 24.Qg4 Qc4 25.Nd4 f5 26.Qf4 Bc5 27.Bc3 Bxd4 28.Bxd4 Rcd8 29.Rd1 Rd7
30.h6 Rfd8 31.Qg5 Qe6 32.Qe3 Qxh6 33.Qb3+ Kh8 34.Qc4 Qc6 35.Qb4 Qe4 36.f3 Qf4
37.e6 Rxd4 38.Rxd4 Qe3+ 39.Kf1 Rc8 40.Qd6 h6 41.Rd1 Kg8 42.Re1 Rc1 43.Rxc1 Qxc1+
44.Ke2 Qxb2+ 45.Kd3 Qb3+ 46.Kd4 Qb2+ 47.Kc5 Qa3+ 48.Kd5 Qa5+ 49.Kd4 Qa1+
50.Ke3 Qg1+ 51.Kf4 Qxg2 52.Qd8+ Kh7 53.e7 Qh2+ 54.Kxf5 Qc2+ 55.Ke6 Qg6+ 56.Ke5 Qf6+
57.Ke4 Qe6+ 58.Kd3 Qf5+ 59.Kc3 Qe5+ 60.Kd2 Qf4+ 61.Ke2 Qe5+ 62.Kf1 Qb5+ 63.Ke1 Qe5+
64.Kd1 Qa1+ 65.Kc2 Qa2+ 66.Kc3 Qa1+ 67.Kd3 Qb1+ 68.Kd4 Qb4+ 69.Ke5 Qc5+ 70.Ke6 Qc6+
71.Qd6 Qc8+ 72.Qd7 Qc4+ 73.Qd5 Qc8+ 74.Kd6 Qb8+ 75.Kd7  1-0

[Event "Sozina Open"]
[Site "Bar MNE"]
[Date "2008.03.30"]
[Round "2"]
[White "Marinkovic,Sl"]
[Black "Drasko,M"]
[Result "1/2-1/2"]
[WhiteElo "2373"]
[BlackElo "2540"]

1.e4 e6 2.d4 d5 3.Nd2 Nc6 4.Ngf3 Nf6 5.e5 Nd7 6.Be2 Be7 7.Nf1 O-O 8.Ne3 f6
9.exf6 Nxf6 10.O-O Bd6 11.c4 b6 12.b3 Bb7 13.Bb2 Ne7 14.Ne5 dxc4 15.N3xc4 Nfd5
16.Bf3 Nf5 17.g3 Qe7 18.Rc1 a5 19.Bg2 b5 20.Nd2 a4 21.Ne4 a3 22.Ba1  1/2-1/2

[Event "FKB ch-USA Qualifier"]
[Site "Tulsa USA"]
[Date "2008.03.30"]
[Round "6"]
[White "Rowley,R"]
[Black "Holt,C"]
[Result "1-0"]
[WhiteElo "2231"]
[BlackElo "2169"]

1.e4 e6 2.d4 d5 3.Nd2 Be7 4.Ngf3 Nf6 5.Bd3 c5 6.dxc5 O-O 7.O-O a5 8.exd5 Qxd5
9.Qe2 Nbd7 10.Nc4 Qxc5 11.Nfe5 Nxe5 12.Nxe5 b6 13.b3 Bb7 14.c4 Rfd8 15.Bb2 g6
16.Rfe1 Ne8 17.Nxf7 Kxf7 18.Qxe6+ Kf8 19.Bc1 Bg5 20.Re5 Qc6 21.Qxc6 Bxc6
22.Bxg5 Rxd3 23.Be3 Rb8 24.Kf1 Rd7 25.Re6 Rd6 26.Rxd6 Nxd6 27.c5 Nf5 28.Bf4 bxc5
29.Bxb8 a4 30.bxa4 Bxa4 31.g4 Nd4 32.Bd6+ Kf7 33.Bxc5 Bb5+ 34.Kg2 Bc6+ 35.Kh3 Ne2
36.Be3 Kf6 37.Re1 Bf3 38.g5+ Kf5 39.a4 Nc3 40.a5 Bb7 41.Rc1 Ne2 42.Rc5+ Ke4
43.Rc7 Ba6 44.Kg2 Bd3 45.Re7+ Kf5 46.f3 Nc3 47.Rc7 Nd5 48.Rc5 Ke6 49.Bd2 Ne7
50.Kf2 Ba6 51.Rc7 Kd6 52.Ra7 Bc8 53.Bb4+  1-0

[Event "TCh-RUS w"]
[Site "Dagomys RUS"]
[Date "2008.04.02"]
[Round "1"]
[White "Sazonova,E"]
[Black "Matveeva,S"]
[Result "1/2-1/2"]
[WhiteElo "2195"]
[BlackElo "2420"]

1.e4 e6 2.d4 d5 3.Nd2 a6 4.Ngf3 c5 5.dxc5 Bxc5 6.Bd3 Nc6 7.a3 Nge7 8.b4 Ba7
9.Bb2 O-O 10.O-O Ng6 11.Re1 b5 12.exd5 exd5 13.Nb3 Nf4 14.Qd2 Nxd3 15.cxd3 d4
16.Qf4 Bb7 17.Rac1 Qd5 18.Nc5 Bxc5  1/2-1/2

[Event "Sozina Open"]
[Site "Bar MNE"]
[Date "2008.04.03"]
[Round "7"]
[White "Brajovic,R"]
[Black "Jacimovic,D"]
[Result "1-0"]
[WhiteElo "2243"]
[BlackElo "2426"]

1.e4 e6 2.d4 d5 3.Nd2 Nc6 4.Ngf3 Nf6 5.e5 Nd7 6.Bd3 Nb4 7.Be2 c5 8.c3 Nc6
9.O-O Qb6 10.Qa4 Be7 11.dxc5 Qc7 12.b4 O-O 13.Bb2 a5 14.a3 Ncxe5 15.c4 Bf6
16.Nd4 b6 17.cxd5 bxc5 18.bxc5 Nxc5 19.Qc2 exd5 20.Rac1 Qb6 21.Qxc5 Qxb2
22.Rc2 Nd3 23.Qxd5 Bb7 24.Rxb2 Bxd5 25.Bxd3 Bxd4 26.Rc2 Rab8 27.a4 Rb4 28.Bb5 h6
29.Rfc1 g5 30.h3 Kg7 31.Nf3 Bb2 32.Re1 Bf6 33.Nd2 Rd8 34.Nc4 Rc8 35.Ne3 Rxc2
36.Nxc2 Rb2 37.Ne3 Be6 38.g4 Bc3 39.Re2 Rb1+ 40.Kg2 Bc8 41.Nf5+ Kf6 42.Nd6  1-0

[Event "ch-NED w"]
[Site "Hilversum NED"]
[Date "2008.04.06"]
[Round "3"]
[White "Van Nies,P"]
[Black "Bensdorp,M"]
[Result "1/2-1/2"]
[WhiteElo "2184"]
[BlackElo "2268"]

1.e4 e6 2.d4 d5 3.Nd2 a6 4.Ngf3 Nf6 5.Bd3 c5 6.e5 Nfd7 7.dxc5 Nc6 8.Qe2 Qc7
9.c3 Nxc5 10.Bb1 Nd7 11.O-O Ndxe5 12.Nd4 Nxd4 13.cxd4 Ng6 14.Nf3 Bd7 15.a4 Be7
16.g3 Rc8 17.Bd3 O-O 18.Ng5 Qb6 19.Nf3 Rfd8 20.h4 Nf8 21.Be3 f6 22.g4 Qc7
23.Rfe1 e5 24.dxe5 fxe5 25.Bf4 Bxg4 26.Qxe5 Qxe5 27.Nxe5 Be6 28.h5 Bf6 29.Re2 Nd7
30.Nxd7 Bxd7 31.f3 Re8 32.Rg2 Rc6 33.a5 Bd4+ 34.Kh1 Be3 35.Bxe3 Rxe3 36.Rag1 Re7
37.Rg5 Rd6 38.b4 Bc6 39.R1g3 Rf6 40.Kg2 h6 41.R5g4 Be8 42.Bg6 Re2+ 43.Kh1 Bxg6
44.Rxg6 Rxg6 45.Rxg6 Rb2 46.Rg4 Kf7 47.Kg1 Rc2 48.Rd4 Ke6 49.Rg4 Ke5 50.Rxg7 d4
51.Kf1 Kf4 52.Rxb7 Kxf3 53.Rf7+ Ke3 54.Re7+ Kd2 55.Re6 d3 56.Rxh6 Kc1 57.Rxa6 d2
58.Rd6 d1=Q+ 59.Rxd1+ Kxd1 60.h6 Rh2 61.b5 Rxh6 62.b6 Rf6+ 63.Kg2 Ke2 64.b7 Rg6+
65.Kh3 Kf3 66.Kh4 Rg8 67.a6 Kf4 68.Kh5 Kf5 69.Kh4 Kf4 70.Kh5 Kf5 71.Kh6 Kf6
72.Kh5  1/2-1/2

[Event "TCh-RUS w"]
[Site "Dagomys RUS"]
[Date "2008.04.07"]
[Round "6"]
[White "Sudakova,I"]
[Black "Molchanova,T"]
[Result "1/2-1/2"]
[WhiteElo "2330"]
[BlackElo "2359"]

1.e4 e6 2.d4 d5 3.Nd2 Be7 4.Ngf3 Nf6 5.Bd3 c5 6.dxc5 dxe4 7.Nxe4 Nxe4 8.Bxe4 Qxd1+
9.Kxd1 Bxc5 10.Ke2 Nc6 11.Be3 Bxe3 12.Kxe3 f6 13.Rhd1 Ke7 14.Bxc6 bxc6 15.Nd4 Bd7
16.Nb3 Rab8 17.Rd2 Rb5 18.f4 g5 19.fxg5 Rxg5 20.Rad1  1/2-1/2

[Event "10th Open"]
[Site "Dubai UAE"]
[Date "2008.04.07"]
[Round "2"]
[White "Ashwin,J"]
[Black "Praveen Kumar,C1"]
[Result "1/2-1/2"]
[WhiteElo "2446"]
[BlackElo "2287"]

1.e4 e6 2.d4 d5 3.Nd2 Be7 4.Bd3 c5 5.dxc5 Nf6 6.Qe2 O-O 7.Ngf3 a5 8.O-O Na6
9.e5 Nd7 10.c4 Naxc5 11.Bc2 b6 12.b3 Ba6 13.Rd1 Qc7 14.Bb2 Rac8 15.Rac1 Rfd8
16.Bb1 Nf8 17.Nd4 Ng6 18.Qh5 dxc4 19.Nxc4 Rd5 20.f4 f5 21.Ne3 Rxd4 22.Rxd4 Bb7
23.a3 Qb8 24.Ba2 Ne4 25.Rf1 Nc3 26.Bxc3 Rxc3 27.b4 Rxe3 28.Bxe6+ Kh8 29.Bxf5 Nf8
30.Qf7 Re2 31.Bh3 Ng6 32.Rd7 axb4 33.Rxe7 Nxe7 34.Qxe7 Qa8 35.Rd1 Bd5 36.Rxd5 Qxd5
37.Qf8+ Qg8 38.Qxb4 Qd8 39.Bd7 h6 40.Qd6 Re1+ 41.Kf2 Rc1 42.Kg3 Rc3+ 43.Kg4 Qa8
44.g3 Rxa3 45.Bc6 Qc8+ 46.Bd7 Qa8 47.Qxb6 Ra6 48.Qb4 h5+ 49.Kxh5 Rh6+ 50.Kg4 Rg6+
51.Kf5 Kh7 52.Qe7 Qa2 53.Ke4 Qc4+ 54.Ke3 Qc3+ 55.Ke4  1/2-1/2

[Event "10th Open"]
[Site "Dubai UAE"]
[Date "2008.04.07"]
[Round "2"]
[White "Ramesh,R"]
[Black "Arvind,C"]
[Result "1-0"]
[WhiteElo "2472"]
[BlackElo "2292"]

1.e4 e6 2.d4 d5 3.Nd2 Be7 4.Ngf3 Nf6 5.Bd3 c5 6.e5 Nfd7 7.c3 b6 8.Ne4 h6
9.Ng3 Ba6 10.Bxa6 Nxa6 11.O-O b5 12.Ne1 c4 13.a3 Nc7 14.Ne2 Nb6 15.f4 g6
16.g4 Kd7 17.f5 gxf5 18.gxf5 Qg8+ 19.Kh1 Qh7 20.Ng2 a5 21.Bd2 Rag8 22.Qc2 Rg4
23.Rf2 Kc6 24.Raf1 Rhg8 25.Bf4 Rh8 26.Ne3 Rgg8 27.Ng1 Bh4 28.Rf3 Bg5 29.Nh3 Be7
30.Nf2 h5 31.Nh3 Rg4 32.R3f2 Rgg8 33.Rf3 Kd7 34.Qe2 Ke8 35.Qf2 Rg4 36.fxe6 fxe6
37.Bg5 Qe4 38.Bxe7 Kxe7 39.Nxg4 hxg4 40.Ng5  1-0

[Event "FSIM April"]
[Site "Budapest HUN"]
[Date "2008.04.10"]
[Round "6"]
[White "Gara,T"]
[Black "Werner,Di"]
[Result "1/2-1/2"]
[WhiteElo "2316"]
[BlackElo "2300"]

1.e4 e6 2.d4 d5 3.Nd2 Nc6 4.Ngf3 Nf6 5.e5 Nd7 6.Bb5 a5 7.a4 Ncb8 8.O-O b6
9.Nb3 Be7 10.Be3 Ba6 11.Bxa6 Nxa6 12.Ne1 O-O 13.f4 f5 14.exf6 Nxf6  1/2-1/2

[Event "TCh-RUS Major League"]
[Site "Dagomys RUS"]
[Date "2008.04.10"]
[Round "8"]
[White "Iordachescu,V"]
[Black "Gorovykh,E"]
[Result "1/2-1/2"]
[WhiteElo "2584"]
[BlackElo "2418"]

1.e4 e6 2.d4 d5 3.Nd2 Be7 4.Ngf3 Nf6 5.e5 Nfd7 6.Bd3 c5 7.c3 Nc6 8.O-O a5
9.Re1 cxd4 10.cxd4 Qb6 11.Nb1 Nxd4 12.Nxd4 Qxd4 13.Nc3 Qb6 14.Qg4 O-O 15.Bh6 g6
16.Rac1 Qxb2 17.Qg3 Bc5 18.Rc2  1/2-1/2

[Event "TCh-RUS w"]
[Site "Dagomys RUS"]
[Date "2008.04.11"]
[Round "9"]
[White "Ivkina,O"]
[Black "Severiukhina,Z"]
[Result "1-0"]
[WhiteElo "2278"]
[BlackElo "2261"]

1.e4 e6 2.d4 d5 3.Nd2 Be7 4.Bd3 c5 5.dxc5 Nf6 6.Qe2 Nc6 7.c3 O-O 8.Ngf3 e5
9.b4 d4 10.b5 dxc3 11.bxc6 cxd2+ 12.Bxd2 Bxc5 13.Rc1 Qe7 14.cxb7 Bxb7 15.O-O Rac8
16.Nh4 Rfd8 17.Bg5 g6 18.Kh1 h6 19.Bxh6 Rxd3 20.Qxd3 Ng4 21.Qh3 Nxh6 22.Nxg6 fxg6
23.Qxh6 Qg7 24.Qh3 Qe7 25.Qg4 Kg7 26.Rfd1 Rc7 27.h4 Bc8 28.Qg3 Bd4 29.h5 g5
30.Rxc7 Qxc7 31.Qxg5+ Kh8 32.Rc1 Qd7 33.Qh6+ Kg8 34.Rc6 Kf7 35.Qg6+ Ke7 36.Qf6+ Ke8
37.Qh8+ Ke7 38.Rf6  1-0

[Event "TCh-RUS Major League"]
[Site "Dagomys RUS"]
[Date "2008.04.11"]
[Round "9"]
[White "Ajrapetian,G"]
[Black "Shorokhov,Alexandr"]
[Result "1/2-1/2"]
[WhiteElo "2368"]
[BlackElo "2470"]

1.e4 e6 2.d4 d5 3.Nd2 Nc6 4.Ngf3 Nf6 5.e5 Nd7 6.Nb3 Be7 7.Be2 O-O 8.O-O Ncb8
9.Be3 b6 10.c3 c5 11.Ne1 Ba6 12.f4 Bxe2 13.Qxe2 Qc8 14.g4 f5 15.exf6 Nxf6
16.Nc2 Nbd7 17.Rae1 Ne4 18.Nd2 cxd4 19.Nxd4 Ndc5 20.Nxe4 Nxe4 21.f5 exf5
22.gxf5 Rf7 23.Qg2 Qd7 24.Ne6 Bc5 25.Bxc5 Nxc5 26.Re5 Nxe6 27.fxe6 Rxf1+
28.Qxf1 Qe7 29.Qf3 Rd8 30.Rxd5 Rxd5 31.Qxd5 Qc5+ 32.Qxc5 bxc5 33.b4 cxb4
34.cxb4 Kf8 35.Kf2 Ke7 36.Ke3 Kxe6 37.Ke4 Kd6 38.a4 Ke6 39.b5 Kd6 40.Kd4 g5
41.a5 g4 42.Ke4 Kc5 43.b6 axb6 44.axb6 Kxb6 45.Kf4 Kc6  1/2-1/2

[Event "TCh-FRA Top 16 Gp A"]
[Site "Noyon FRA"]
[Date "2008.04.12"]
[Round "6"]
[White "Hamdouchi,H"]
[Black "Bartel,Mat"]
[Result "1/2-1/2"]
[WhiteElo "2575"]
[BlackElo "2613"]

1.e4 e6 2.d4 d5 3.Nd2 Be7 4.Ngf3 Nf6 5.Bd3 c5 6.e5 Nfd7 7.c3 Nc6 8.O-O g5
9.Bb1 b6 10.h3 h5 11.Nb3 Ba6 12.Re1 g4 13.hxg4 hxg4 14.Nh2 Qc7 15.Nxg4 O-O-O
16.g3 Rdg8 17.Kg2 Bb7 18.Nh6 Rg7 19.Rh1 Qd8 20.Bf4 Bg5 21.Bxg5 Qxg5 22.Nxf7 Rxh1
23.Nd6+ Kb8 24.Qxh1 Ba6 25.Bc2 Be2 26.Bd1 Bxd1 27.Rxd1 Qg6 28.Qh8+ Rg8 29.Qh3 Rf8
30.Rf1 a5 31.a4 cxd4 32.cxd4 Qd3 33.g4 Qxh3+ 34.Kxh3 Rf3+ 35.Kh4 Rxb3 36.Rc1 Ne7
37.f4 Rb4 38.Kg5 Rxd4 39.Rh1 Ng6  1/2-1/2

[Event "FSGM April"]
[Site "Budapest HUN"]
[Date "2008.04.13"]
[Round "9"]
[White "Wittmann,W"]
[Black "Langrock,H"]
[Result "0-1"]
[WhiteElo "2279"]
[BlackElo "2395"]

1.e4 e6 2.d4 d5 3.Nd2 Be7 4.Ngf3 Nf6 5.Bd3 c5 6.exd5 Qxd5 7.dxc5 Nbd7 8.b4 a5
9.bxa5 Nxc5 10.Nb3 Bd7 11.O-O Nxd3 12.cxd3 O-O 13.Re1 Ba4 14.Rb1 Rfd8 15.d4 Rdc8
16.Qd3 Bb5 17.Qe3 Rc2 18.Nc5 Bc6 19.Qb3 Qxb3 20.Rxb3 Rxa5 21.Ne5 Bd5 22.Rb1 Raxa2
23.Be3 Bxc5 24.dxc5 h6 25.h3 Ne4 26.Nd3 Nc3 27.Rb6 Re2 28.Rxe2 Rxe2 29.Nb4 Be4
30.Bd4 Re1+ 31.Kh2 Na4 32.Rd6 Rb1 33.c6 bxc6 34.Nxc6 Kh7 35.f3 Bg6 36.Nd8 Rd1
37.h4 Rd2 38.Nb7 Nb2 39.Bxb2 Rxb2 40.Nc5 h5 41.Rd8 Bf5 42.Rd7 f6 43.Nb7 Re2
44.Re7 Rd2 45.Nc5 Rd6 46.Kg3 e5 47.Nb7 Rd5 48.Rc7 Kg6 49.Nc5 Rd4 50.Re7 Rd6
51.Kf2 Kh6 52.Ke3 Kh7 53.g3 Kg8 54.Rc7 Kh7 55.Ne4 Rb6  0-1

[Event "6th V.Nabokov Mem"]
[Site "Kyiv UKR"]
[Date "2008.04.13"]
[Round "11"]
[White "Bargan,Se"]
[Black "Kruppa,Y"]
[Result "1/2-1/2"]
[WhiteElo "2404"]
[BlackElo "2543"]

1.e4 e6 2.d4 d5 3.Nd2 Nc6 4.c3 e5 5.dxe5 Nxe5 6.Ngf3 Qe7 7.Nxe5 Qxe5 8.Qe2 Be7
9.exd5 Qxd5 10.Qb5+ Qxb5 11.Bxb5+ Bd7  1/2-1/2

[Event "4th Open"]
[Site "Rhone FRA"]
[Date "2008.04.15"]
[Round "5"]
[White "Ravot,S"]
[Black "Vidalinc,JL"]
[Result "1-0"]
[WhiteElo "2233"]
[BlackElo "1950"]

1.e4 e6 2.d4 d5 3.Nd2 Nc6 4.Ngf3 Nf6 5.e5 Nd7 6.c4 f6 7.cxd5 exd5 8.Bb5 fxe5
9.dxe5 Be7 10.Nb3 a6 11.Bxc6 bxc6 12.Nbd4 Nb8 13.Qa4 Qd7 14.Be3 c5 15.Qxd7+ Bxd7
16.Nb3 d4 17.Bg5 Bxg5 18.Nxg5 Nc6 19.e6 Bc8 20.Nxc5 Rb8 21.b3 Rb5 22.Nge4 Ke7
23.Kd2 Rf8 24.Rac1 Nb4 25.Rc4 Nxa2 26.Rxd4 Rf5 27.Ra1 Nb4 28.Rc1 Rd5 29.Ke3 h6
30.f4 Rb6 31.g4 g6 32.Na4 Rb7 33.Rxb4 Rxb4 34.Rxc7+ Kxe6 35.Nac5+  1-0

[Event "Open"]
[Site "Senj CRO"]
[Date "2008.04.18"]
[Round "3"]
[White "Fercec,N"]
[Black "Lovric,B"]
[Result "1/2-1/2"]
[WhiteElo "2492"]
[BlackElo "2350"]

1.e4 e6 2.d4 d5 3.Nd2 Be7 4.Bd3 Nc6 5.Ngf3 Nb4 6.Be2 dxe4 7.Nxe4 Nf6 8.Nxf6+ Bxf6
9.c3 Nd5 10.O-O O-O 11.Bd3 b6 12.Qc2 g6 13.Bh6 Bg7 14.Qd2 Bb7 15.Rfe1 c5
16.Be4 Qc7 17.Bxg7 Kxg7 18.c4 Nf6 19.Bxb7 Qxb7 20.dxc5 bxc5 21.Qc3 Qb4 22.Qe5 Qxc4
23.Rec1 Qd5 24.Rxc5 Qxe5 25.Nxe5  1/2-1/2